Az alvásminőség és a figyelmi teljesítmény kapcsolata
Elmentve itt :
| Szerző: | |
|---|---|
| További közreműködők: | |
| Dokumentumtípus: | Szakdolgozat |
| Megjelent: |
2019
|
| Kulcsszavak: | alvás alvásfigyelő applikáció figyelem |
| Tárgyszavak: | |
| Online Access: | http://diploma.bibl.u-szeged.hu/87831 |
| LEADER | 00806nta a2200217 i 4500 | ||
|---|---|---|---|
| 001 | dipl87831 | ||
| 005 | 20200720092249.0 | ||
| 008 | 200717s2019 hu om 0|| zxx d | ||
| 040 | |a SZTE Diploma Repozitórium |b hun | ||
| 041 | |a zxx | ||
| 100 | 1 | |a Durkó Péter László | |
| 245 | 1 | 3 | |a Az alvásminőség és a figyelmi teljesítmény kapcsolata |h [elektronikus dokumentum] / |c Péter László Durkó |
| 246 | 1 | 0 | |a Relation between sleep quality and attentional performance |h [elektronikus dokumentum] |
| 260 | |c 2019 | ||
| 650 | 4 | |a Társadalomtudomány | |
| 650 | 4 | |a Psychology | |
| 695 | |a alvás | ||
| 695 | |a alvásfigyelő applikáció | ||
| 695 | |a figyelem | ||
| 700 | 2 | |a Szegedi-Hallgató Emese |e ths | |
| 856 | 4 | 0 | |u http://diploma.bibl.u-szeged.hu/id/eprint/87831/1/2019_durko_peter_laszlo.pdf |z Dokumentum-elérés |